Statistics for Top 5 Characters by Screen Time in Random Movie Series

Click here to take the quiz!

General Stats

  • This quiz has been taken 621 times
  • The average score is 8 of 15

Answer Stats

MoviesTimeCharacters% Correct
Harry Potter9h 04minHarry Potter
100%
Harry Potter3h 25minHermione Granger
100%
Avengers Quadrilogy1h 51minIron Man
100%
Star Wars2h 25minLuke Skywalker
100%
Harry Potter3h 32minRon Weasley
100%
Avengers Quadrilogy1h 12minThe Hulk
100%
Marvel Cinematic Universe6h 00minIron Man
96%
Avengers Quadrilogy1h 04minBlack Widow
95%
Avengers Quadrilogy1h 28minCaptain America
95%
Star Wars2h 55minDarth Vader
95%
Toy Story4h 12minWoody
95%
Frozen1h 07minElsa
93%
The Lord of the Rings2h 01minFrodo Baggins
92%
The Lord of the Rings1h 11minGandalf
92%
Marvel Cinematic Universe3h 27minThor
92%
Toy Story3h 36minBuzz Lightyear
90%
Jason Bourne5h 20minJason Bourne
90%
Avengers Quadrilogy1h 07minThor
90%
Matrix5h 54 minNeo
89%
Marvel Cinematic Universe4h 07minCaptain America
88%
Frozen1h 36minAnna
87%
The Lord of the Rings1h 14minAragorn
85%
Star Wars1h 33minHan Solo
85%
The Lord of the Rings1h 18minSamwise Gamgee
85%
X-Men4h 56minWolverine
85%
Back to the Future4h 56minMarty McFly
83%
Avatar: The Last Airbender20h 44minAang
81%
Stranger Things3h 20minEleven
80%
Frozen34minOlaf
80%
Harry Potter1h 10minAlbus Dumbledore
78%
Terminator5h 31minTerminator
78%
The Hobbit5h 29minBilbo Baggins
77%
The Lord of the Rings50minPippin Took
77%
Back to the Future2h 54minDr. Emmett Brown
75%
The Walking Dead25h 5minRick Grimes
75%
Matrix4h 12 minTrinity
74%
Marvel Cinematic Universe3h 36minBlack Widow
72%
Game of Thrones11h 12minJon Snow
71%
Star Wars2h 00minObi-Wan Kenobi
70%
Space Jam1h 43minBugs Bunny
67%
X-Men2h 02minMagneto
65%
Game of Thrones7h 08minSansa Stark
65%
Cobra Kai8h 50minJohnny Lawrence
64%
Fantastic Beasts4h 39minNewt Scamander
64%
Matrix1h 46minAgent Smith
63%
Avatar: The Last Airbender20h 10minKatara
63%
Matrix4h 10minMorpheus
63%
X-Men2h 36minCharles Xavier
62%
The Godfather1h 48minDon Vito Corleone
62%
The Godfather5h 19minMichael Corleone
62%
Toy Story2h 06minMr. Potato Head
62%
Terminator5h 37minSarah Connor
61%
Hotel Transylvania4h 37minDracula
60%
Frozen43minKristoff
60%
Stranger Things2h 26minMike Wheeler
60%
Frozen27minSven
60%
Back to the Future1h 10minBiff Tannen
58%
Space Jam1h 31minDaffy Duck
56%
Marvel Cinematic Universe3h 14minLoki
56%
Avatar: The Last Airbender16h 11minPrince Zuko
56%
The Hobbit4h 21minThorin Oakenshield
54%
Game of Thrones8h 48minDaenerys Targaryen
53%
Stranger Things3h 16minJim Hopper
53%
Game of Thrones11h 25minTyrion Lannister
53%
Back to the Future54minGeorge McFly
50%
Avatar: The Last Airbender20h 39minSokka
50%
Fantastic Beasts1h 43minTina Goldstein
50%
Toy Story2h 00minSlinky Dog
48%
Stranger Things2h 38minJoyce Byers
47%
Stranger Things2h 19minNancy Wheeler
47%
The Godfather1h 42minKay Adams Michelson
46%
Terminator4h 40minJohn Connor
44%
Fantastic Beasts1h 13minGellert Grindelwald
43%
Fantastic Beasts3h 32minJacob Kowalski
43%
Fantastic Beasts1h 22minQueenie Goldstein
43%
Toy Story2h 01minRex
43%
The Walking Dead12h 20minCarol
42%
X-Men2h 11minDeadpool
42%
The Walking Dead9h 11minMichonne
42%
X-Men1h 19minMystique
42%
Star Wars2h 15minRey
40%
Jurassic World3h 01minOwen Grady
39%
Harry Potter46minRubeus Hagrid
39%
Cobra Kai6h 01minMiguel Diaz
36%
Cobra Kai5h 17minSamantha LaRusso
36%
Game of Thrones7h 05minCersei Lannister
35%
Space Jam1h 26minLeBron James
33%
Back to the Future55minLorraine Baines
33%
The Walking Dead9h 09minMaggie
33%
The Godfather2h 10minTom Hagen
31%
La Casa de Papel9h 12minRicardo Ramos (Denver)
29%
La Casa de Papel9h 05minSilene Oliveira (Tokyo)
29%
Cobra Kai8h 00minDaniel LaRusso
27%
Hotel Transylvania3h 09minFrankenstein
27%
Hotel Transylvania3h 24 minMavis
27%
The Walking Dead12h 36minDavid Dixon
25%
La Casa de Papel7h 31minAníbal Cortés (Rio)
24%
La Casa de Papel8h 59minRaquel Murillo (Lisbon)
24%
Space Jam1h 27minPorky Pig
22%
Cobra Kai4h 54minRobby Keene
18%
La Casa de Papel11h 26minSergio Marquina (Profesor)
18%
Jurassic World2h 35minClaire Dearing
17%
The Hobbit3h 48minBalin
15%
The Godfather1h 47minConnie Corleone
15%
Avatar: The Last Airbender16h 47minMomo
13%
Terminator1h 45minDani Ramos
11%
Space Jam1h 28minElmer Fudd
11%
Jurassic World47minGray
11%
Jurassic World46minZach
11%
The Hobbit3h 49minDwalin
8%
The Hobbit3h 46minKili
8%
Hotel Transylvania3h 44minJonathan
7%
Hotel Transylvania2h 53minMurray
7%
Terminator3h 43minKyle Reese
6%
Jurassic World1h 15minMaisie Lockwood
6%
Matrix1h 17minLink
0%
Jason Bourne1h 09minMarie Kreutz
0%
Jason Bourne1h 24minNicky Parsons
0%
Jason Bourne56minNoah Vosen
0%
Jason Bourne1h 17minPamela Landy
0%

Score Distribution

Percentile by Number Answered

Percent of People with Each Score

Your Score History

You have not taken this quiz